Vlag-vormen van Landen #7 - Statistieken

Algemene statistieken
  • Deze quiz is 1.366 keer genomen
  • De gemiddelde score is 13 van 16
Antwoordstatistieken
Foto Antwoord % Correct
Portugal
99%
Estland
94%
Oostenrijk
94%
Thailand
94%
Georgië
93%
Noord-Macedonië
93%
Colombia
89%
Afghanistan
84%
Tsjaad
78%
Benin
77%
Dominicaanse Republiek
76%
Botswana
75%
Soedan
71%
Lesotho
68%
Grenada
50%
Maldiven
45%
Geen overeenkomende quizzen gevonden
Scoreverdeling
Procent van Mensen met Elke Score
Percentiel versus Aantal Correcte Antwoorden
Uw Scoregeschiedenis
U heeft deze quiz nog niet genomen